000 01023cam a2200277 i 4500
999 _c529332
_d529332
001 3634505
003 NUST
005 20190924130025.0
008 751006s1975 dcua b f000 0 eng
010 _a 75020630
020 _a0309023335 :
_c$3.20
038 _aMSOHAIL
040 _aDLC
_cDLC
_dDLC
050 0 0 _aTE251
_b.N37 1975
082 0 0 _a625.7
110 2 _aNational Research Council (U.S.).
_bTransportation Research Board.
_919676
245 1 0 _aPartial-lane pavement widening.
260 _aWashington :
_bTransportation Research Board, National Research Council,
_c1975.
300 _a30 p. :
_bill. ;
_c28 cm.
440 0 _aSynthesis of highway practice ;
_v28
_921211
500 _a"Research sponsored by the American Association of State Highway and Transportation Officials in cooperation with the Federal Highway Administration."
504 _aBibliography: p. 20.
650 0 _aPavements
_xDesign and construction.
_9916
906 _a7
_bcbc
_corignew
_d2
_eocip
_f19
_gy-gencatlg
942 _2ddc
_cBK